| 000 | 01351cam a2200277 a 4500 | ||
|---|---|---|---|
| 001 | 000018287 | ||
| 005 | 20200929165434.0 | ||
| 008 | 890907s1987 ck a b 001 0 spa | ||
| 010 | _a89183496 | ||
| 040 |
_aDO-SdBNP _cDLC _dDLC |
||
| 043 | _ae-sp--- | ||
| 050 | 0 | 0 |
_aPC4027 _b.C85 1987 |
| 100 | 1 |
_aCuervo, Rufino Jose, _d1844-1911. _939598 |
|
| 240 | 1 | 0 |
_aWorks. _f1987 |
| 245 | 1 | 0 |
_aObras / _cRufino Jose Cuervo ; presentacion por Felix Restrepo ; estudio preliminar por Fernando Antonio Martinez. |
| 250 | _a2a ed. | ||
| 260 |
_aBogota : _bInstituto Caro y Cuervo, _c1987. |
||
| 300 |
_a4 v. : _bill. ; _c21 cm. |
||
| 440 | 0 |
_aBiblioteca colombiana ; _v28-31 _96260 |
|
| 504 | _aIncludes bibliographical references. | ||
| 505 | 0 | _at. 1. Notas a la "gramatica" de Bello ; Muestra de un diccionario ; Diccionario de construccion y regimen de la lengua castellana ; Castellano popular y castellano literario -- t. 2. Apuntaciones criticas sobre el lenguaje bogotano -- t. 3. Disquisiciones sobre filologia castellana ; Filologia clasica y critica literaria -- t. 4. Vida de Rufino Cuervo y noticias de su epoca ; Noticia biografica de D. Angel Cuervo ; Rectificaciones historicas ; Varia. | |
| 650 | 0 |
_aSpanish philology. _939599 |
|
| 700 | 1 |
_aMartinez, Fernando Antonio. _939600 |
|
| 910 | _aCatalogación por copia / LC | ||
| 082 | 0 | 0 |
_a868 _220 |
| 999 |
_c17808 _d17808 |
||